One Piece Quiz - Statistics

General Stats
  • This quiz has been taken 666 times
  • The average score is 48 of 100
Answer Stats
Hint Answer % Correct
Eneru claims to be a ____ God
80%
What did Luffy punch at the end of Skypiea? A Bell
76%
Supernova with the highest bounty pre-timeskip? Eustass "Captain" Kid
76%
What animal is Kaido's devil fruit classified under? Fish
74%
The Pirate King's bounty poster name Gold Roger
73%
First character with screentime in the anime? Gol D. Roger
73%
Second Schichibukai to be a slave? Bartholomew Kuma
72%
What did Shanks sacrifice to save Luffy? His Arm
72%
First Schichibukai to be a slave? Boa Hancock
71%
What color do swords turn when the user has mastered their haki? Black
70%
What race was Franky's mentor? Fishman
70%
Where did the Straw Hats find Momonosuke? Punk Hazard
70%
Who does Luffy's Straw Hat belong to? Shanks
70%
Which of Zoro's eyes are closed? The Left Eye
70%
Rarest class of Devil Fruit? Logia
69%
Who on the Roger pirates couldn't go to Laugh Tale because of illness? Buggy the Clown
67%
What color are Road Poneglyphs? Red
67%
What is the name of Luffy's devil fruit? Hito Hito no Mi Model: Nika OR Gomu Gomu no Mi
66%
Only member of the Worst Generation with wings? "Mad Monk" Urouge
65%
Which Schichibukai has the highest known bounty? Dracule Mihawk
64%
What island does Luffy fight Zombies on? Thriller Bark
63%
Who is Kaido's son? Yamato
63%
Who accompanies Luffy in the freezing hell of Impel Down? Bon Clay (Mr. 2)
62%
What is Whitebeard's surname? Edward
62%
What does Sugar turn people into? Living Toys
62%
Who attacks Luffy at a bar in Jaya? Bellamy
61%
Who in Baroque works does Zoro defeat? Daz Bones (Mr. 1)
61%
Where does "Dark King" Rayleigh live? Sabaody Archipelago
61%
Where did Enel go after the Skypiea arc? The Moon
61%
Which Supernova has Voodoo-based powers? Basil Hawkins
60%
Which Supernova is a mafia boss? Capone "Gang" Bege
60%
What is Aokiji's real name? Kuzan
60%
Arlong is a ____ Fishman Shark
60%
What animal is Chopper commonly mistaken for? A Raccoon
59%
Which arc was a flag shot down in? Enies Lobby
59%
What was X Drake before a pirate? Marine
59%
Sanji's name for Zoro? Moss Head
59%
Who was the main antagonist of Little Garden? Mr. 3 or Galdino
59%
Who has Piano Keys for teeth? Scratchman Apoo
59%
Where does Luffy fight Katakuri? The Mirror World
59%
What did Whitebeard want? a Family
58%
What arc did Sanji almost die of blood loss in? Fishman Island
58%
Who saves Camie at the auction house? Silvers Rayleigh
58%
What is the codename Sanji gives himself in Alabasta? Mr. Prince
56%
Who sends an attack at Kaido that famously causes him to dodge? Roronoa Zoro
56%
Where is Usopp from? Syrup Village
54%
Which devil fruit was up for grabs in the Dressrosa Colessium? The Mera Mera no Mi or Flare Flare Fruit
54%
What race is Carrot apart of? The Minks
54%
Most powerful of the three types of Haki? Conqueror's
53%
What race is King? Lunarian
52%
Name one of the four Gods mentioned in the Skypiea arc Sun, Rain, Earth or Forest
52%
What is Jimbei's role on the Straw Hat crew? Helmsman
49%
Who is the only female Supernova? Jewelry Bonnie
49%
What noise accompanies Joyboy wherever he goes? The Drums of Liberation
49%
What is the time period that was erased from history known as? The Void (Blank) Century
48%
What leads Luffy into Shirahoshi's room? Food
47%
What is the gathering of world leaders known as? The Reverie
47%
What does Usopp want to become? A Brave Warrior of the Sea
46%
What does Nami grow on the Thousand Sunny? Tangerines
46%
Marine who was embarassed by Sanji at Baratie? Fullbody
45%
Who was forced to roam the seas for 800 years? Zunesha
45%
Name of the bartender in Chapter One? Makino
44%
What did Kaido jump off of? A Sky Island
43%
Who holds off Hawkins as Kid rushes to find Big Mom? Killer
43%
Who was the Daimyo of Kuri? Kozuki Oden
43%
Who helps Robin escape Ohara? Jaguar D. Saul
41%
Who is known to have a "strange body?" Marshall D. Teach (Blackbeard)
41%
The Rumbar Pirates were based out of ___ ____ West Blue
41%
What does Yassop's bandana say? Yassop
41%
What bodily function does Magellan have issues with? Digestion
40%
What does Sabo wear on his hat? Goggles
39%
Who is the main advocate for abolishing the Schichibukai program? Admiral Fujitora (Issho)
38%
Doflamingo's most famous devil fruit technique? The Bird Cage
38%
What does Nekomomushi translate to in English? Cat Viper
35%
Who do the Marines send to Wano? Ryukugyu (Green Bull)
35%
What does Luffy catch and throw at Kaido? A Bolt of Lightning
34%
Who did Big Mom get her devil fruit from? Mother Carmel
32%
What are Big Mom's Commanders known as? Sweet Commanders
32%
Who did the Marines send to capture Boa Hancock? Coby
31%
What did Kaido say Roger used to "bend the world to his will?" Haki
31%
Who is the Commander in Chief of the World Government? Kong
31%
What is Jack known as? The Drought
30%
Which devil fruit is considered to have "the highest offensive capabilities" in the series? The Magu Magu no Mi or the Magma Magma fruit
29%
What animal is the guardian of Alabasta? Falcon
28%
What incident has the World Government erased from history? The God Valley incident
27%
What did Franky trap Caribou inside of? A Barrell
23%
What is Kaido's main attack? (Hybrid form) Thunder Bagua
23%
Who did Garp defeat to earn the nickname "The Fist?" Don Chinjao
22%
What are Blackbeard's Commanders Known as? Ten Titanic Captains
21%
What are Whitebeard's Commanders known as? Division Commanders
20%
Who is the Celestial Dragon who is repeatedly assaulted? Saint Charloss
20%
Marked with the ____ of the Celestial Dragon Claw
19%
What attack does Luffy defeat Kaido with? Bajrang (Monkey God) Gun
18%
What are Kaido's Commanders known as? All Stars
16%
Ace's final attack against Blackbeard was called _____ Entei or Flame Emperor
15%
What animal is the guardian of Wano? Wolf
15%
What are the Gorosei known as? The Five Elder Stars
10%
Who is the God of the Giants? Elbaf
9%
Law's Devil Fruit (The Ope Ope no Mi) is known as the _____ devil fruit Ultimate
9%
What item did Doflamingo have information on that the Celestial Dragons would kill him if he ever spoke about it? The National Treasure of Mariejois
7%
No matching quizzes found
Score Distribution
Percent of People with Each Score
Percentile by Number Answered
Your Score History
You have not taken this quiz